000 00485nam a2200181Ia 4500
001 7445
005 20260306160456.0
008 260306t2008||||xx |||||||||||||| ||spa||
041 _aESP
082 _a338.9856
_bU61E
100 _aUniversidad Católica San Pablo
_eAUT
245 0 _aInformación para el desarrollo local:
_bprovincia de Carabaya, Puno - Perú
260 _c2008
300 _a132 páginas :
_c28 cm.
650 _aGEN
654 _aCAN
942 _cLIB
_dJUS
_fJUS
_2ddc
_n
999 _c7445
_d7445